00653nam a22001817a 450000500170000001000150001702000260003203500140005803700130007208200080008510000220009324501830011526000370029827000550033530000260039049000400041670000150045620170223171753.0 aENG-117323 a9788179306277c465.00 aEN-100855 bDBAD/PUB a350 aPradhan, Arabinda aPublic administration: cby Arabinda Pradhan ; contribution by Ajit Kumarba concise overview of the subject for the state Civil services Preliminary examination optional Paper / aNew DelhibSpectrum Books c2017 aA1 291, First Floor, Janakpuri,bNew Delhie110058 aviii,560p.c23cm(pbk) aSpectrum's rapid revision studypack aAjit Kumar